000 00623nam a22002297a 4500
003 UA-OsUOA
001 91486
007 ta
008 20121129b un ||||| |||| 00| 0 ukr d
090 _a821.161.2
_bН50
942 _cBK
040 _aUA-OsUOA
_bukr
_cUA-OsUOA
_dUA-OsUOA
245 _aНемеркнуча пам'ять
_cЖарова В.
300 _a120 с.
955 _a3
041 _aukr
080 _a821.161.2
020 _a5-7775-0402-7
260 _aДніпропетровськ
_bСіч
_c1991
650 7 _a82 Література. Літературознавство
_2UDC
999 _c377748
_d377748